000 00346nam a2200121Ia 4500
008 190722s9999 xx 000 0 und d
020 _a978-93-325-4890-9
100 _aLaudon, Loudon
245 0 _aManagement Information Systems (Managing the Digital Firm)
260 _aIndia
_bPearson India Education Services
_c2016
300 _a688
942 _cBK
999 _c348
_d348